Finančné a právne aspekty výsledku hospodárenia v kapitálovej obchodnej spoločnosti diplomová práca

Salvato in:
Dettagli Bibliografici
Autore principale: Zacharová, Zuzana
Ente Autore: Fakulta podnikového manažmentu EU. Katedra podnikových financií
Altri autori: Kubranová, Magdaléna, 1956-
Natura: Libro
Lingua:slovacco
Pubblicazione: Bratislava 2013
Tags: Aggiungi Tag
Nessun Tag, puoi essere il primo ad aggiungerne!!

MARC

LEADER 00000nbm a2200000 4500
001 0170752
005 20161109102408.3
041 0 |a slo 
044 |a SK 
245 1 0 |a Finančné a právne aspekty výsledku hospodárenia v kapitálovej obchodnej spoločnosti  |b diplomová práca  |c Zuzana Zacharová ; školiteľ: Magdaléna Kubranová 
264 1 |a Bratislava  |c 2013 
300 |a 85 s. 
100 1 |a Zacharová, Zuzana 
700 1 |a Kubranová, Magdaléna, 1956- 
710 2 |a Fakulta podnikového manažmentu EU. Katedra podnikových financií